Immunology revisited : (Record no. 146709)

MARC details
000 -LEADER
fixed length control field 00656nam a22002057a 4500
005 - DATE AND TIME OF LATEST TRANSACTION
control field 20171017143427.0
010 ## - LCCN (DPL NO)
LC control number ENG-121017
020 ## - INTERNATIONAL STANDARD BOOK NUMBER
Terms of availability 190.00
International Standard Book Number 9789381496107
035 ## - SYSTEM CONTROL NUMBER
System control number EN-104549
037 ## - SOURCE OF ACQUISITION
Source of stock number/acquisition DBAD/PUB
082 ## - DEWEY DECIMAL CLASSIFICATION NUMBER
Classification number 616.079
100 ## - MAIN ENTRY--PERSONAL NAME
Personal name Kothari, Manu
245 ## - TITLE STATEMENT
Title Immunology revisited :
Statement of responsibility, etc by Manu Kothari [and] Lopa Mehta
Remainder of title principles-n-parlance revised /
260 ## - PUBLICATION, DISTRIBUTION, ETC. (IMPRINT)
Place of publication, distribution, etc Mumbai
Name of publisher, distributor, etc Bhalani Publishing House
Date of publication, distribution, etc 2012
270 ## - ADDRESS
Address 11 Mavawala Buliding, Opp. K.E.M. Hospital Parel
City Mumbai
Postal code 400012
300 ## - PHYSICAL DESCRIPTION
Extent viii,132p.
Dimensions 21.5cm(pbk)
500 ## - GENERAL NOTE
General note Includes index
700 ## - ADDED ENTRY--PERSONAL NAME
Personal name Mehta, Lopa
942 ## - ADDED ENTRY ELEMENTS (KOHA)
Source of classification or shelving scheme Dewey Decimal Classification
Item type English Books
Classification part 616.079
Call number suffix KOT
Holdings
Withdrawn status Lost status Not for loan Collection code Home library Current library Date acquired Source of acquisition Cost, normal purchase price Full call number Barcode Copy number Cost, replacement price Koha item type
    Not For Loan Non-fiction D.B.Act.Division Bawana 17/10/2017 DBAD/PUB 190.00 616.079 KOT EN-104549 1 190.00 English Books

© Delhi Public Library
Hit Counter
free hit counter